000 00801nas a2200289 4500
001 BR8903087
003 BR-BrBNA
005 20231205091617.0
007 ta
008 230509b bl.|||p| |||| 00| 00por d
040 _aBR-BrBNA
_bpor
_cBiblioteca Nacional de Agricultura
041 _a(Pt)
072 _aM12
100 1 _aCosta, T.
245 1 _aJacare livra o couro no pantanal [Preservacao]
650 _aJACARE
650 _aMANEJO
650 _aCOURO
650 _aPRESERVACAO DA NATUREZA
650 _aPANTANAL MATOGROSSENSE
650 _aCONFINAMENTO
650 _aCRIACAO
650 _aINSTALACAO PARA ANIMAL
773 0 _tManchete Rural (Brazil)
_xISSN 0102-8901
_g(Jun 1989), v. 3(27) p. 4-9
_wBR8903087
909 _a202311
_bLúcia
_c55
_dLúcia Elande
942 _2AGRIS
_n0
_cANA
999 _c126160
_d126160